People by Picture - Statistics

General Stats
  • This quiz has been taken 59 times
  • The average score is 6 of 8
Answer Stats
Picture Answer % Correct
Mohandas Gandhi
98%
Donald Trump
96%
Martin Luther King Jr
93%
David Bowie
85%
Henry VIII
82%
Rembrandt
53%
Muammar al-Qaddafi
47%
Bon Scott
20%
No matching quizzes found
Score Distribution
Percent of People with Each Score
Percentile by Number Answered
Your Score History
You have not taken this quiz